[Event "ECU Club Cup"]
[Site "Feugen AUT"]
[Date "2006.10.08"]
[Round "1"]
[White "Glek,I"]
[Black "Mamedyarov,S"]
[Result "1/2-1/2"]
[WhiteElo "2553"]
[BlackElo "2722"]

1.e4 e5 2.Nf3 Nc6 3.Bb5 a6 4.Bxc6 dxc6 5.O-O Bg4 6.h3 Bxf3 7.Qxf3 Qd7 8.d3 f6
9.Nd2 O-O-O 10.Nc4 h5 11.Qe3 b6 12.Qe1 g5 13.Be3 Kb7 14.Rd1 c5 15.c3 g4 16.h4 Ne7
17.d4 exd4 18.cxd4 Qe6 19.Qc3 Qxe4 20.dxc5 Nd5 21.c6+ Kc8 22.Qb3 Nxe3 23.Rxd8+ Kxd8
24.Nxe3 Qxc6 25.Qd3+ Kc8 26.Qxa6+ Kb8 27.g3 Bc5 28.Rc1 Qf3 29.Qd3 Rf8 30.Rc4 Bxe3
31.Qxe3 Qd1+ 32.Kg2 Rd8 33.Qf4 Rd7 34.a4 Rd6 35.Qe4 Rd7 36.Qc6 f5 37.a5 Qd5+
38.Qxd5 Rxd5 39.axb6 cxb6 40.Rc6 b5 41.Rh6 f4 42.gxf4 Kc7 43.b4 Kd7 44.f3 Rd4
45.Kg3 gxf3 46.Kxf3 Rxb4 47.Rxh5 Ke6 48.Kg4 Kf6 49.Rh6+ Kg7 50.Rb6 Rb1 51.Kg5 Rg1+
52.Kf5 Rb1 53.Rb7+ Kh6 54.Kf6 b4 55.f5 b3 56.Rb8 Kh7 57.Kf7 Rf1 58.f6 Ra1
59.h5 b2 60.Rxb2 Ra7+ 61.Ke8 Ra8+ 62.Kd7 Ra7+ 63.Kc6 Kg8 64.Rg2+ Kf8 65.h6 Rh7
66.Rg6 Rh8 67.Rg2  1/2-1/2

[Event "22nd ECU Club Cup"]
[Site "Feugen AUT"]
[Date "2006.10.11"]
[Round "4"]
[White "Naiditsch,A"]
[Black "Mamedyarov,S"]
[Result "0-1"]
[WhiteElo "2676"]
[BlackElo "2728"]

1.e4 c5 2.Nf3 e6 3.d4 cxd4 4.Nxd4 Nc6 5.Nb5 d6 6.c4 Nf6 7.N1c3 a6 8.Na3 Be7
9.Be2 O-O 10.O-O b6 11.Be3 Bb7 12.Qb3 Nd7 13.Rfd1 Nc5 14.Qc2 Bf6 15.Rac1 Be5
16.Nab1 f5 17.f4 Bxc3 18.Nxc3 fxe4 19.a3 e5 20.Nd5 Nd4 21.Bxd4 exd4 22.Rxd4 Ne6
23.Rxe4 Bxd5 24.cxd5 Nxf4 25.Bf3 Qg5 26.Ree1 Rf6 27.Kh1 Raf8 28.Be4 Rh6 29.Rf1 Rxh2+  0-1

[Event "22nd ECU Club Cup"]
[Site "Feugen AUT"]
[Date "2006.10.12"]
[Round "5"]
[White "Mamedyarov,S"]
[Black "Shirov,A"]
[Result "1/2-1/2"]
[WhiteElo "2728"]
[BlackElo "2720"]

1.d4 d5 2.c4 c6 3.e3 Nf6 4.Nf3 Bf5 5.Nc3 e6 6.Nh4 Bg6 7.Qb3 Qb6 8.Nxg6 hxg6
9.g3 Nbd7 10.Bd2 Be7 11.Bg2 Qa6 12.Bf1 Qb6 13.Bg2 Qa6 14.cxd5 cxd5 15.a4 Nb6
16.Bf1 Nc4 17.Bxc4 dxc4 18.Qb5+ Qc6 19.Qxc6+ bxc6 20.Rc1 Kd7 21.Nd1 Rh3 22.Rxc4 Rah8
23.Bb4 Bd8 24.Bc5 a6 25.Nc3 Rxh2 26.Rxh2 Rxh2 27.Rb4 Kc8 28.Bb6 Be7 29.Rc4 Kd7
30.Bc5  1/2-1/2

[Event "22nd ECU Club Cup"]
[Site "Feugen AUT"]
[Date "2006.10.13"]
[Round "6"]
[White "Laznicka,V"]
[Black "Mamedyarov,S"]
[Result "1/2-1/2"]
[WhiteElo "2596"]
[BlackElo "2728"]

1.e4 e5 2.Nf3 Nc6 3.Bb5 a6 4.Bxc6 dxc6 5.O-O Ne7 6.Nxe5 Qd4 7.Qh5 g6 8.Qg5 Bg7
9.Nd3 b6 10.Nc3 Bb7 11.b3 h6 12.Qf4 Qd7 13.Bb2 g5 14.Qf3 c5 15.Rae1 O-O 16.Qh5 f5
17.e5 Qc6 18.f3 Rad8 19.h4 g4 20.e6 Qd6 21.fxg4 Bd4+ 22.Re3 f4 23.Qxh6 fxe3
24.Qg5+ Kh7 25.Qh5+ Kg8 26.Qg5+ Kh7 27.Qh5+ Kg7 28.Rf7+ Rxf7 29.Qxf7+ Kh8
30.Qh5+  1/2-1/2

[Event "22nd ECU Club Cup"]
[Site "Feugen AUT"]
[Date "2006.10.14"]
[Round "7"]
[White "Mamedyarov,S"]
[Black "Jakovenko,D"]
[Result "1-0"]
[WhiteElo "2728"]
[BlackElo "2671"]

1.d4 Nf6 2.c4 e6 3.Nf3 b6 4.g3 Bb7 5.Bg2 Be7 6.O-O O-O 7.d5 exd5 8.Nh4 c6
9.cxd5 Nxd5 10.Nf5 Nc7 11.e4 d5 12.Re1 dxe4 13.Nc3 Bc8 14.Nxe7+ Qxe7 15.Nxe4 Ne6
16.Qh5 Nd7 17.Bg5 f6 18.Bf4 Nxf4 19.gxf4 Qb4 20.Rad1 Rb8 21.Nd6 Nc5 22.Bxc6 Be6
23.Bd5  1-0

[Event "Match"]
[Site "Astana KAZ"]
[Date "2006.12.19"]
[Round "2"]
[White "Mamedyarov,S"]
[Black "Sadvakasov,D"]
[Result "1-0"]
[WhiteElo "2728"]
[BlackElo "2596"]

1.e4 c5 2.Nf3 d6 3.d4 cxd4 4.Nxd4 Nf6 5.Nc3 a6 6.h3 e5 7.Nde2 b5 8.g4 Bb7
9.Bg2 h6 10.Be3 Nbd7 11.Qd2 Rc8 12.O-O Qc7 13.a3 Nb6 14.b3 Be7 15.f4 O-O
16.Kh1 exf4 17.Bd4 d5 18.Qxf4 Qxf4 19.Rxf4 Nfd7 20.exd5 Rfe8 21.Rf5 Bc5 22.Bxc5 Rxc5
23.Rd1 Rec8 24.Rd3 f6 25.b4 Rc4 26.Rf1 Ne5 27.Rg3 R4c7 28.Rd1 Nbc4 29.d6 Bxg2+
30.Kxg2 Rd7 31.Ne4 Rcd8 32.Nf4 Kf7 33.Rc3 Re8 34.Rd4 Nc6 35.Rdxc4 bxc4 36.Rxc4 Rc8
37.Nd3 Rdd8 38.a4 g6 39.b5 axb5 40.axb5 Ne5 41.Nxe5+ fxe5 42.Rc7+ Ke6 43.c4 Rxc7
44.dxc7 Ra8 45.b6 Kd7 46.c5 Ra2+ 47.Kf3 Rc2 48.Ke3 h5 49.gxh5 gxh5 50.Kd3 Rc1
51.Kd2 Rc4 52.c8=Q+  1-0

[Event "TCh-FRA Top 16 GpB"]
[Site "Chalons en Champagne FRA"]
[Date "2007.02.09"]
[Round "1"]
[White "Komarov,D"]
[Black "Mamedyarov,S"]
[Result "0-1"]
[WhiteElo "2540"]
[BlackElo "2754"]

1.d4 Nf6 2.c4 g6 3.Nc3 d5 4.cxd5 Nxd5 5.e4 Nxc3 6.bxc3 Bg7 7.Bg5 c5 8.Rc1 Qa5
9.Qd2 O-O 10.d5 e6 11.c4 Qxd2+ 12.Kxd2 f5 13.Bd3 Na6 14.exf5 exd5 15.cxd5 Nb4
16.Bc4 b5 17.Bxb5 Rxf5 18.Nf3 Rxd5+ 19.Ke2 Nxa2 20.Bc4 Nxc1+ 21.Rxc1 Be6
22.Bxd5 Bxd5 23.Rxc5 Bxf3+ 24.Kxf3 a5 25.Rc2 a4 26.Ra2 a3 27.Bc1 Bf8 28.Ke4 Kf7
29.Kd3 Ke6 30.Bd2 Kd5 31.Bc3 Re8 32.f4 Bc5 33.Be5 Ra8 34.Kc3 Ke4 35.Kb3 Kd3
36.Rc2 Bd4 37.Rc1 a2 38.Bxd4 Kxd4 39.Kb2 a1=Q+ 40.Rxa1 Rxa1 41.Kxa1 Ke3 42.Kb2 Kxf4
43.Kc3 Ke3  0-1

[Event "VIII Dos Hermanas Internet"]
[Site "ICC INT"]
[Date "2007.03.23"]
[Round "2.3"]
[White "Smeets,J"]
[Black "Mamedyarov,S"]
[Result "1/2-1/2"]
[WhiteElo "2538"]
[BlackElo "2754"]

1.e4 d6 2.d4 Nf6 3.Nc3 g6 4.Be2 Bg7 5.g4 d5 6.e5 Ne4 7.f4 c5 8.Nxe4 dxe4
9.d5 e6 10.c4 Qh4+ 11.Kf1 g5 12.Qc2 exd5 13.cxd5 Bxg4 14.Bxg4 Qxg4 15.Qxe4 gxf4
16.Nf3 Qg6 17.Qa4+ Nd7 18.Bxf4 b5 19.Qd1 Qe4 20.Bg3 Bxe5 21.Kf2 Bxg3+ 22.hxg3 O-O-O
23.Re1 Qf5 24.a4 Nf6 25.axb5 Ne4+ 26.Rxe4 Qxe4 27.Rxa7 Rxd5 28.Qa1 Qc2+ 29.Ke3 Re8+
30.Kf4 Rf5+ 31.Kg4 Qe4+ 32.Kh3 Rh5+ 33.Kg2 Qe2+ 34.Kg1 Qe3+ 35.Kg2 Qe2+ 36.Kg1 Qe3+
37.Kg2 Qe2+ 38.Kg1  1/2-1/2

[Event "II Rapid"]
[Site "Canada de Calatrava ESP"]
[Date "2007.04.06"]
[Round "2"]
[White "Mamedyarov,S"]
[Black "Panelo,M"]
[Result "1-0"]
[WhiteElo "2754"]
[BlackElo "2392"]

1.d4 Nf6 2.Bg5 e6 3.e4 h6 4.Bxf6 Qxf6 5.Nc3 d6 6.Qd2 c6 7.f4 e5 8.dxe5 dxe5
9.f5 Bb4 10.Nf3 Nd7 11.a3 Ba5 12.Bd3 Qe7 13.b4 Bb6 14.Na4 O-O 15.g4 Bd4 16.c3 b5
17.cxd4 bxa4 18.Qc3 exd4 19.Qxc6 Nf6 20.Qxa8 Ba6 21.Qc6 Bxd3 22.e5 Nxg4 23.f6 Nxf6
24.Kd2 Bf5 25.Rhe1 Rc8 26.exf6 Qe3+ 27.Rxe3 dxe3+ 28.Kxe3 Rxc6 29.fxg7 Rc3+
30.Kf4 Bg6 31.Nd4 Kxg7 32.Nb5 Rc4+ 33.Ke5 a6 34.Nd6 Rc3 35.Nb7 Rh3 36.Ra2 Bd3
37.Nd6 f6+ 38.Ke6 Re3+ 39.Kd5 Bb1 40.Ra1 Bc2 41.Rc1 Bb3+ 42.Kd4 Rh3 43.Rg1+ Kf8
44.Ne4 Bc2 45.Nxf6 Rxa3 46.Nd7+ Kf7 47.Rf1+ Kg6 48.Rg1+ Kh5 49.Nc5 Rh3 50.Nxa6 a3
51.Ra1 Rb3 52.Kc4 Rh3 53.Nc5 Bf5 54.b5 Rxh2 55.Rxa3 Rh4+ 56.Kd5 Rb4 57.Kc6 Be4+
58.Kb6 Bd5 59.Ka5 Rb1 60.b6 Kg5 61.Na4 Bc6 62.Nc3 Rb2 63.Nd1 Rd2 64.Ne3 h5
65.Rc3 Be4 66.Rc5+ Kf4 67.Nc4 Ra2+ 68.Kb4 h4 69.Nd6 Rb2+ 70.Ka5 Ra2+ 71.Kb5 Rb2+
72.Ka6 Ra2+ 73.Kb5 Rb2+ 74.Ka5 Ra2+ 75.Kb4 Rb2+ 76.Kc3 Rxb6  1-0

[Event "II Rapid"]
[Site "Canada de Calatrava ESP"]
[Date "2007.04.06"]
[Round "3"]
[White "Zubov,A UKR"]
[Black "Mamedyarov,S"]
[Result "0-1"]
[WhiteElo "2542"]
[BlackElo "2754"]

1.Nf3 Nf6 2.c4 g6 3.g3 Bg7 4.Bg2 O-O 5.O-O d5 6.cxd5 Nxd5 7.Nc3 Nb6 8.d4 Nc6
9.e3 Re8 10.Nd2 e5 11.d5 Ne7 12.Nb3 c6 13.e4 cxd5 14.exd5 Nf5 15.Re1 Nd4
16.d6 Bf5 17.Ne4 Bxe4 18.Bxe4 Qxd6 19.Bxb7 Rad8 20.Nxd4 exd4 21.Rxe8+ Rxe8
22.Bf4 Be5 23.Bxe5 Rxe5 24.Ba6 Nd7 25.Bc4 Re7 26.Qf3 Ne5 27.Qa8+ Kg7 28.Qd5 Qf6
29.Bf1 Ng4 30.Qg2 d3 31.Bxd3 Qxb2 32.Rd1 Qxa2 33.Qf3 Ne5 34.Qe2 Qa3 35.Be4 a5
36.Qb5 Ng4 37.Qc4 Nf6 38.Bg2 Qb2 39.Qc5 Re5 40.Qa7 h5 41.h3 Qb4 42.Ra1 Re1+
43.Rxe1 Qxe1+ 44.Bf1 Qb4 45.Qc7 Qe1 46.Kg2 a4 47.Bc4 Qe8 48.Kh2 Qd7 49.Qe5 a3
50.Qc3 Qa7 51.Kg2 Qc5 52.Qd3 Qe7 53.Qc3 Kh7 54.Ba2 Qb7+ 55.Kg1 Qe7 56.Kg2 Nd7
57.Qf3 Ne5 58.Qd5 Kg7 59.Qd4 Qb7+ 60.Bd5 Qb2 61.Qa7 Qd2 62.Bb3 Qc3 63.Bd5 Qd3
64.Qa5 Nd7 65.Ba2 Qe4+ 66.Kg1 Qe7 67.Qc3+ Nf6 68.Kh2 Qa7 69.Kg2 Qb6 70.Qxa3 Qb7+
71.Kh2 Qb6 72.Kg2 Qc6+ 73.Qf3 Qd6 74.Qb3 Qe7 75.Qc3 Qa7 76.Qb3 Qa8+ 77.Kh2 Qe8
78.Qc3 Qe7 79.Qb2 Qa7 80.Bc4 Qe7 81.Bf1 Kh7 82.Bg2 Nd7 83.Qd4 Ne5 84.Qd5 Nd7
85.Qd4 Qf6 86.Qe3 Kg7 87.h4 Ne5 88.Bh3 Nc4 89.Kg2 Nd6 90.Qc5 Nb5 91.Qe3 Nc3
92.Qd3 Na2 93.Qe4 Nc1 94.Qe3 Qc6+ 95.Qf3 Qc4 96.Qe3  0-1

[Event "II Rapid"]
[Site "Canada de Calatrava ESP"]
[Date "2007.04.07"]
[Round "5"]
[White "Shirov,A"]
[Black "Mamedyarov,S"]
[Result "1/2-1/2"]
[WhiteElo "2715"]
[BlackElo "2754"]

1.e4 e5 2.Nf3 Nc6 3.Bb5 a6 4.Ba4 Nf6 5.O-O Be7 6.Re1 b5 7.Bb3 d6 8.c3 O-O
9.h3 Na5 10.Bc2 c5 11.d4 Nd7 12.dxc5 dxc5 13.Nbd2 Bb7 14.Nh2 Re8 15.Ndf1 Nc4
16.Qf3 Nf8 17.Ng4 Ng6 18.Nge3 Nxe3 19.Nxe3 c4 20.b3 Qc7 21.bxc4 bxc4 22.Nf5 Nh4
23.Nxe7+ Rxe7 24.Qg3 Ng6 25.Rb1 Nf4 26.Qe3 Rd8 27.Qb6 Qxb6 28.Rxb6 Nd3 29.Bxd3 Rxd3
30.Ba3 Red7 31.Reb1 Bxe4 32.Rb8+ Rd8 33.Be7 Rd1+ 34.Kh2 Bxb1 35.Bxd8 h5 36.Bf6+ Kh7
37.Bxe5  1/2-1/2

[Event "II Rapid"]
[Site "Canada de Calatrava ESP"]
[Date "2007.04.08"]
[Round "7"]
[White "Guliyev,N"]
[Black "Mamedyarov,S"]
[Result "0-1"]
[WhiteElo "2545"]
[BlackElo "2754"]

1.e4 d6 2.d4 Nf6 3.Nc3 g6 4.Nf3 Bg7 5.Be2 O-O 6.O-O c6 7.a4 Nbd7 8.a5 e5
9.dxe5 dxe5 10.Qd6 Re8 11.Qa3 Bf8 12.b4 Nh5 13.Rd1 Nf4 14.Bf1 Qf6 15.Be3 Nb8
16.Rd2 Na6 17.Na2 Nc7 18.Ne1 Be6 19.c3 Nb5 20.Qb2 Nd6 21.Rad1 Nxe4 22.Rc2 Rad8
23.Rxd8 Rxd8 24.c4 a6 25.f3 Nd6 26.Nc1 Bh6 27.Bb6 Rd7 28.Nb3 Nf5 29.Rd2 Nh3+
30.gxh3 Bxd2 31.Nd3 Be3+ 32.Bxe3 Nxe3 33.Nbc5 Rd4  0-1

[Event "II Rapid"]
[Site "Canada de Calatrava ESP"]
[Date "2007.04.08"]
[Round "9"]
[White "Chernin,A"]
[Black "Mamedyarov,S"]
[Result "0-1"]
[WhiteElo "2587"]
[BlackElo "2754"]

1.c4 Nf6 2.Nc3 g6 3.e4 e5 4.g3 Bg7 5.Bg2 O-O 6.Nge2 Nc6 7.d3 d6 8.O-O a6
9.h3 b5 10.cxb5 axb5 11.Nxb5 Ba6 12.Nec3 Qb8 13.Na3 Nd7 14.Nc4 Nc5 15.Be3 Bxc4
16.dxc4 Qxb2 17.Nb5 Rfc8 18.a3 Nd4 19.Rb1 Qa2 20.Nxd4 exd4 21.Bxd4 Qxc4 22.Bxg7 Kxg7
23.Rb4 Qc3 24.e5 Rxa3 25.Rh4 dxe5 26.Qg4 Rh8 27.Qg5 h6 28.Qe7 Ne6 29.Bd5 Qc5
30.Qxc5 Nxc5 31.Rc1  0-1

[Event "TCh-FRA Top 16"]
[Site "Montpellier FRA"]
[Date "2007.04.28"]
[Round "4"]
[White "Gladyszev,O"]
[Black "Mamedyarov,S"]
[Result "0-1"]
[WhiteElo "2485"]
[BlackElo "2757"]

1.d4 g6 2.c4 Bg7 3.e4 d6 4.Nc3 c6 5.Be2 a6 6.Be3 b5 7.a3 bxc4 8.Bxc4 Nf6
9.Be2 O-O 10.Nf3 Ng4 11.Bf4 Qb6 12.O-O Qxb2 13.Na4 Qb7 14.Rb1 Qc7 15.Qc2 Nf6
16.Rfc1 Nbd7 17.Nd2 Rb8 18.Rxb8 Nxb8 19.h3 Nfd7 20.Nb3 e5 21.dxe5 Nxe5 22.Bd2 c5
23.f4 Nec6 24.e5 dxe5 25.Qxc5 exf4 26.Bf3 Be6 27.Bc3 Bxb3 28.Bxg7 Kxg7 29.Qc3+ Qe5
30.Qxb3 Nd4 31.Qc3 Nbc6 32.Kh1 Nxf3 33.Qxc6 Nd4 34.Qc5 Qf6 35.Rf1 Re8 36.Nc3 Re3
37.Nd1 Qe5 38.Qc4 Rxh3+ 39.Kg1 f3  0-1

[Event "TCh-FRA Top 16"]
[Site "Montpellier FRA"]
[Date "2007.04.29"]
[Round "5"]
[White "Relange,E"]
[Black "Mamedyarov,S"]
[Result "0-1"]
[WhiteElo "2476"]
[BlackElo "2757"]

1.c4 g6 2.g3 Bg7 3.Bg2 c5 4.Nc3 Nc6 5.a3 Nf6 6.Nh3 d5 7.Nxd5 Nxd5 8.cxd5 Bxh3
9.Bxh3 Qxd5 10.O-O c4 11.Bg2 Qb5 12.a4 Qa6 13.Rb1 Nd4 14.b4 c3 15.b5 Qe6
16.dxc3 Nxe2+ 17.Kh1 Nxc3 18.Qc2 Nxb1 19.Bxb7 Rd8 20.Bc6+ Kf8 21.Qxb1 h5
22.h4 Qc4 23.Be3 Qxa4 24.Rc1 Bc3 25.Kg2 Qa3 26.Qe4 Kg7 27.Rxc3 Qxc3 28.Qxe7 Rhe8
29.Qc7  0-1

[Event "TCh-FRA Top 16"]
[Site "Montpellier FRA"]
[Date "2007.04.30"]
[Round "6"]
[White "Mamedyarov,S"]
[Black "Navara,D"]
[Result "1/2-1/2"]
[WhiteElo "2757"]
[BlackElo "2720"]

1.d4 Nf6 2.c4 e6 3.Nf3 b6 4.g3 Ba6 5.b3 Bb4+ 6.Bd2 Be7 7.Bg2 c6 8.Bc3 d5
9.Ne5 Nfd7 10.Nxd7 Nxd7 11.Nd2 O-O 12.O-O Rc8 13.e4 c5 14.exd5 exd5 15.dxc5 dxc4
16.cxb6 Nxb6 17.Re1 cxb3 18.Qxb3 Bf6 19.Bxf6 Qxf6 20.Qa3 Nc4 21.Nxc4 Rxc4
22.Qe7 Qb6 23.Rab1 Rc7 24.Rxb6 Rxe7 25.Rxe7 axb6 26.Bd5 Bc8 27.f4 g6 28.Kf2 Kg7
29.Rc7 Kf6 30.Rc6+ Be6 31.Rxb6 Rc8 32.Bc6 Rd8 33.Rb2 Rd3 34.Ba4 g5 35.fxg5+ Kxg5
36.Bb3 h5 37.Ke2 Rc3 38.Kd2 Rf3 39.Bd1 Ra3 40.Bb3 h4 41.gxh4+ Kxh4 42.Kc3 Kg4
43.Kb4 Ra8 44.a4 Bxb3 45.Rxb3 f5 46.Rg3+ Kf4 47.Rg7 Rh8 48.a5 Rxh2 49.a6 Rh8
50.Kc5 Ke4 51.Re7+ Kd3 52.a7 f4 53.Kb6 f3 54.Rf7 Ke2 55.Kb7 f2 56.a8=R Rxa8
57.Rxf2+ Kxf2 58.Kxa8  1/2-1/2

[Event "MTel"]
[Site "Sofia BUL"]
[Date "2007.05.13"]
[Round "4"]
[White "Mamedyarov,S"]
[Black "Nisipeanu,LD"]
[Result "1/2-1/2"]
[WhiteElo "2757"]
[BlackElo "2693"]

1.d4 Nf6 2.c4 e6 3.Nf3 c5 4.d5 b5 5.dxe6 fxe6 6.cxb5 d5 7.Nc3 Nbd7 8.e4 d4
9.e5 Ng4 10.Ne4 Bb7 11.Nfg5 Ndxe5 12.f4 Bxe4 13.fxe5 Bf5 14.Bd3 Bxd3 15.Qxd3 Nxe5
16.Qh3 Qf6 17.Nxe6 Nd3+ 18.Ke2 c4 19.Nc7+ Kd8 20.Ne6+ Ke8 21.Nc7+ Kd8 22.Ne6+ Ke8  1/2-1/2

[Event "MTel"]
[Site "Sofia BUL"]
[Date "2007.05.14"]
[Round "5"]
[White "Adams,Mi"]
[Black "Mamedyarov,S"]
[Result "1/2-1/2"]
[WhiteElo "2734"]
[BlackElo "2757"]

1.e4 c5 2.Nf3 e6 3.d4 cxd4 4.Nxd4 Nc6 5.Nc3 a6 6.Nxc6 bxc6 7.Bd3 d5 8.O-O Nf6
9.Re1 Be7 10.e5 Nd7 11.Qg4 g6 12.b3 c5 13.Bh6 Bb7 14.Na4 Qc7 15.Qf4 Bf8 16.Bxf8 Rxf8
17.c4 f6 18.cxd5 fxe5 19.Qe3 exd5 20.Rac1 e4 21.f3 Qf4 22.Qxf4 Rxf4 23.fxe4 dxe4
24.Nxc5 Nxc5 25.Rxc5 Kf8 26.Bc4 Re8 27.Rf1 Rxf1+ 28.Kxf1 Re7 29.Ke2 Rd7 30.Ke3 Ke7
31.h4 Kd6 32.b4 Ke7 33.g4 Kd8 34.Be2 h6 35.a3 Rd6 36.g5 hxg5 37.hxg5 Rd7
38.Ra5 Rd6 39.Re5 Kc7 40.Rc5+ Kb8 41.Re5 Rc6 42.Kd4 Rd6+ 43.Kc3 Rc6+ 44.Bc4 Rc7
45.a4 Ka7 46.a5 Kb8 47.Kd4 Rd7+ 48.Ke3 Ka7 49.Re6 Rc7 50.Kd4 Rd7+ 51.Ke3 Rc7
52.Kd4 Rd7+ 53.Ke5 e3 54.Kf6 Rc7 55.Bxa6 Bxa6 56.Rxe3 Rc6+ 57.Re6 Rxe6+ 58.Kxe6 Bb5
59.Kf6 Bd3 60.b5 Bxb5 61.Kxg6 Bd3+ 62.Kf6 Ka6 63.g6 Bxg6 64.Kxg6 Kxa5  1/2-1/2

[Event "MTel"]
[Site "Sofia BUL"]
[Date "2007.05.18"]
[Round "8"]
[White "Topalov,V"]
[Black "Mamedyarov,S"]
[Result "1/2-1/2"]
[WhiteElo "2772"]
[BlackElo "2757"]

1.e4 c5 2.Nf3 e6 3.d4 cxd4 4.Nxd4 Nc6 5.Nc3 a6 6.Nxc6 bxc6 7.Bd3 d5 8.O-O Nf6
9.Re1 Be7 10.Qf3 O-O 11.Bg5 d4 12.Na4 e5 13.b3 Nd7 14.Bxe7 Qxe7 15.c3 c5
16.Rac1 Qd6 17.Qg3 Bb7 18.Rc2 Rac8 19.Rec1 Qh6 20.Nb2 f5 21.exf5 e4 22.Bc4+ Kh8
23.cxd4 cxd4 24.Bf1 Qxc1 25.Rxc1 Rxc1 26.Qf4 Rc5 27.g4 Ne5 28.Nc4 Nf3+ 29.Kg2 Nh4+
30.Kh3 Nxf5 31.b4 Rc6 32.gxf5 Rxf5 33.Qb8+ Bc8 34.Kg2 Rf8 35.Qe5 Rg6+ 36.Kh1 e3
37.Qe7 Rgf6 38.Ne5 exf2 39.h4 Be6 40.Kh2 Bxa2 41.Nd7 R6f7 42.Qc5 Re8 43.Qxd4 Rd8
44.Qb2 Rfxd7 45.Qxa2 Rd4 46.Kg3 Rxb4 47.Qxf2 a5 48.h5 h6 49.Qf7 a4 50.Bc4 a3
51.Qe7 Rdb8 52.Qd6 a2 53.Bxa2 R4b6 54.Qd3 Rb2 55.Bc4 R2b4 56.Qd6 R4b6 57.Qd5 Rb4
58.Bd3 Rb3 59.Kf4 Rxd3 60.Qxd3 Rf8+ 61.Ke5 Rf6 62.Qd8+ Kh7 63.Qxf6 gxf6+
64.Kxf6 Kh8  1/2-1/2

[Event "MTel"]
[Site "Sofia BUL"]
[Date "2007.05.19"]
[Round "9"]
[White "Mamedyarov,S"]
[Black "Adams,Mi"]
[Result "1/2-1/2"]
[WhiteElo "2757"]
[BlackElo "2734"]

1.d4 Nf6 2.c4 e6 3.Nf3 b6 4.g3 Ba6 5.b3 Bb4+ 6.Bd2 Be7 7.Bg2 c6 8.Bc3 d5
9.Ne5 Nfd7 10.Nxd7 Nxd7 11.Nd2 O-O 12.O-O Rc8 13.e4 b5 14.Re1 dxe4 15.Nxe4 bxc4
16.Qe2 Rb8 17.Bf1 Qc8 18.bxc4 Nb6 19.Nd2 Na4 20.Ba5 c5 21.Qd1 Nb2 22.Qg4 Bd8
23.Nb3 cxd4 24.Qxd4 Bf6 25.Qxa7 Ra8 26.Qc5 Nxc4 27.Rac1 Nxa5 28.Qxa5 Qd8
29.Qxd8 Rfxd8 30.Bxa6 Rxa6 31.Re2 g6 32.Kf1 Kg7 33.Rcc2 Rd1+ 34.Re1 Rd8 35.Ree2 Rd1+
36.Re1 Rd8 37.Ree2  1/2-1/2

[Event "MTel"]
[Site "Sofia BUL"]
[Date "2007.05.20"]
[Round "10"]
[White "Nisipeanu,LD"]
[Black "Mamedyarov,S"]
[Result "1/2-1/2"]
[WhiteElo "2693"]
[BlackElo "2757"]

1.e4 c5 2.Nf3 e6 3.c3 Nf6 4.e5 Nd5 5.d4 cxd4 6.cxd4 b6 7.a3 Bb7 8.Bd3 d6
9.O-O Nd7 10.Nbd2 dxe5 11.dxe5 Be7 12.Ne4 O-O 13.Re1 Rc8 14.Bd2 Qc7 15.Rc1 Qb8
16.Bb1 h6 17.Ng3 Rfd8 18.Rxc8 Qxc8 19.Qa4 Bf8 20.Qg4 Ne7 21.Bxh6 Bxf3 22.gxf3 Nxe5
23.Rxe5 Rd1+ 24.Kg2 Rxb1 25.Rg5 g6 26.Bxf8 Qxf8 27.Qd4 Qg7 28.Qd8+ Qf8 29.Qd4 Nf5
30.Nxf5 exf5 31.Rg3 Qe7 32.Rh3 Qg5+ 33.Rg3 Qe7 34.Rh3 Qg5+ 35.Rg3 Qc1 36.Qd8+ Kg7
37.Qd4+ f6 38.Qd7+ Kf8 39.Qd8+ Kf7 40.Qd7+ Kf8 41.Qd8+ Kf7 42.Qd7+  1/2-1/2

[Event "TCh-FRA Top 16"]
[Site "Clichy FRA"]
[Date "2007.05.31"]
[Round "8"]
[White "Miralles,G"]
[Black "Mamedyarov,S"]
[Result "0-1"]
[WhiteElo "2486"]
[BlackElo "2757"]

1.d4 g6 2.e4 d6 3.Nc3 Nf6 4.Be3 c6 5.Qd2 Nbd7 6.O-O-O b5 7.Bd3 b4 8.Nce2 Qa5
9.Kb1 c5 10.Nf3 Bb7 11.dxc5 Nxc5 12.a3 Nfxe4 13.Bxe4 Nxe4 14.Qxb4 Qxb4 15.axb4 Bg7
16.Nf4 O-O 17.Rhe1 Rfb8 18.Nd2 Nf6 19.f3 Bc6 20.c3 a5 21.bxa5 Rxa5 22.Rc1 Bb5
23.Kc2 Ra2 24.Kb3 Rba8 25.Nb1 Ra1 26.Na3 Ba4+ 27.Kc4 Ra2 28.Nd3 e6 29.Bf4 e5
30.Bg5 d5+ 31.Kc5 Bf8+ 32.Kb6 Nd7+ 33.Kc7 Ra7+ 34.Kc8 Nb6+ 35.Kb8 Rd7  0-1

[Event "TCh-FRA Top 16"]
[Site "Clichy FRA"]
[Date "2007.06.01"]
[Round "9"]
[White "Mamedyarov,S"]
[Black "Pinter,J"]
[Result "1-0"]
[WhiteElo "2757"]
[BlackElo "2525"]

1.d4 Nf6 2.c4 e6 3.Nf3 d5 4.Nc3 c5 5.cxd5 Nxd5 6.e3 Nc6 7.Bd3 Be7 8.O-O O-O
9.a3 cxd4 10.exd4 Bf6 11.Re1 Bd7 12.Re4 Rc8 13.h4 Nce7 14.Bd2 Qb6 15.Rb1 Nf5
16.Ne5 Bxe5 17.dxe5 Bc6 18.Nxd5 Bxd5 19.Rb4 Qc7 20.Qe2 Rfe8 21.Re1 Bc6 22.Rg4 Qd7
23.Bc3 g6 24.h5 Rcd8 25.Bc2 Ng7 26.hxg6 fxg6 27.Rd1 Qf7 28.Bd2 Rd5 29.Bg5 Bb5
30.Qe3 Qc7 31.Bb3 Rxe5 32.Qxa7 Re2 33.Bf6 Rf8 34.Bd4 Nf5 35.Bc3 Ng7 36.Qd4 Rexf2
37.Bxe6+ Kh8 38.Qd6 Qxd6 39.Rxd6 Rf1+ 40.Kh2 Be8 41.Rb4 b5 42.a4 h5 43.axb5 Kh7
44.b6 Bf7 45.Bxg7 Kxg7 46.Rd7 Rf6 47.Rxf7+ R6xf7 48.Bxf7  1-0

[Event "TCh-FRA Top 16"]
[Site "Clichy FRA"]
[Date "2007.06.02"]
[Round "10"]
[White "Mamedyarov,S"]
[Black "Degraeve,JM"]
[Result "1/2-1/2"]
[WhiteElo "2757"]
[BlackElo "2549"]

1.d4 Nf6 2.c4 g6 3.Nf3 Bg7 4.g3 O-O 5.Bg2 c5 6.O-O cxd4 7.Qxd4 Nc6 8.Qh4 Qa5
9.Nc3 d6 10.Nd5 Be6 11.Bd2 Qa6 12.Nc7 Qxc4 13.Nxa8 Rxa8 14.Rfe1 Qxh4 15.Nxh4 Nd5
16.Rac1 a5 17.a4 Ndb4 18.Bc3 Bb3 19.Bxg7 Kxg7 20.Rc3 Bxa4 21.e3 d5 22.f4 e6
23.Nf3 Ra6 24.Nd2 Bc2 25.Nb3 Bxb3 26.Rxb3  1/2-1/2

[Event "TCh-FRA Top 16"]
[Site "Clichy FRA"]
[Date "2007.06.03"]
[Round "11"]
[White "Mamedyarov,S"]
[Black "Palac,M"]
[Result "1/2-1/2"]
[WhiteElo "2757"]
[BlackElo "2568"]

1.d4 Nf6 2.c4 e6 3.Nf3 b6 4.e3 Bb7 5.Bd3 d5 6.O-O dxc4 7.Bxc4 a6 8.Qe2 Nbd7
9.Rd1 c5 10.e4 b5 11.Bb3 Bxe4 12.Ng5 Bf5 13.d5 e5 14.Bf4 Bd6 15.Ne6 fxe6
16.dxe6 exf4 17.exd7+ Kxd7 18.Qe5 Kc7 19.Qxf5 Qe7 20.Be6 g6 21.Qh3 Be5 22.Nc3 Rad8
23.Re1 Qd6 24.Rad1 Bd4 25.Bf7 Qd7 26.Be6 Qd6 27.Bf7 Qd7 28.Be6 Qc6 29.Bf7  1/2-1/2

[Event "Sparkassen GM"]
[Site "Dortmund GER"]
[Date "2007.06.23"]
[Round "1"]
[White "Mamedyarov,S"]
[Black "Naiditsch,A"]
[Result "1-0"]
[WhiteElo "2757"]
[BlackElo "2654"]

1.e4 e5 2.Nf3 Nc6 3.Bc4 Nf6 4.Ng5 d5 5.exd5 Na5 6.Bb5+ Bd7 7.Be2 Nxd5 8.d4 Be7
9.Nf3 exd4 10.Qxd4 Nf6 11.O-O Nc6 12.Qc4 O-O 13.Rd1 Qe8 14.Nc3 Be6 15.Qf4 Rc8
16.a3 a6 17.h3 Bd6 18.Qh4 Ne7 19.Bd3 Bf5 20.Bg5 Bxd3 21.Rxd3 Ng6 22.Qd4 Nd7
23.Re1 Nde5 24.Nxe5 Bxe5 25.Qd5 Qc6 26.Qxc6 bxc6 27.Na4 f6 28.Be3 Rfd8 29.Red1 Rd6
30.b3 Rcd8 31.Nc5 Rxd3 32.Nxd3 Bc3 33.Kf1 Kf8 34.Ke2 Ke8 35.Nc5 Rxd1 36.Kxd1 a5
37.Ne6 Ne7 38.Nxg7+ Kf7 39.Nh5 Nd5 40.Nf4 Bb2 41.Nxd5 cxd5 42.a4 c6 43.Ke2 Be5
44.Bb6  1-0

[Event "Sparkassen GM"]
[Site "Dortmund GER"]
[Date "2007.06.26"]
[Round "3"]
[White "Mamedyarov,S"]
[Black "Kramnik,V"]
[Result "1/2-1/2"]
[WhiteElo "2757"]
[BlackElo "2772"]

1.d4 Nf6 2.c4 e6 3.Nf3 b6 4.e3 Bb7 5.Bd3 d5 6.cxd5 exd5 7.Nc3 Bd6 8.O-O O-O
9.Qc2 c5 10.Rd1 Nc6 11.dxc5 bxc5 12.a3 Ne5 13.Nxe5 Bxe5 14.e4 d4 15.Ne2 c4
16.Qxc4 Nxe4 17.Bxe4 Bxe4 18.Bf4 Rc8 19.Qb4 a5 20.Qe1 Bxf4 21.Rxd4 Bxh2+  1/2-1/2

[Event "Sparkassen GM"]
[Site "Dortmund GER"]
[Date "2007.06.27"]
[Round "4"]
[White "Gelfand,B"]
[Black "Mamedyarov,S"]
[Result "1/2-1/2"]
[WhiteElo "2733"]
[BlackElo "2757"]

1.Nf3 g6 2.e4 d6 3.c4 Bg7 4.d4 Bg4 5.Be2 Nc6 6.Be3 e5 7.d5 Bxf3 8.Bxf3 Nd4
9.O-O c5 10.dxc6 bxc6 11.Bxd4 exd4 12.Nd2 Ne7 13.c5 dxc5 14.Rc1 d3 15.Nb3 Bxb2
16.Rc4 O-O 17.Nxc5 Bd4 18.Nxd3 Qd6 19.Qc2 Rfd8 20.Rd1 Rab8 21.g3 h5 22.Kg2 h4
23.Bg4 Kg7 24.f4 hxg3 25.hxg3 Rb5 26.a4 Rbb8 27.Nc5 Rb2 28.Qxb2 Bxb2 29.Rxd6 Rxd6
30.Be2 Rd2 31.Kf3 Ba3 32.Nd3 a5  1/2-1/2

[Event "Sparkassen GM"]
[Site "Dortmund GER"]
[Date "2007.06.29"]
[Round "5"]
[White "Mamedyarov,S"]
[Black "Anand,V"]
[Result "1/2-1/2"]
[WhiteElo "2757"]
[BlackElo "2786"]

1.d4 Nf6 2.c4 e6 3.Nf3 b6 4.g3 Ba6 5.b3 b5 6.cxb5 Bxb5 7.Bg2 d5 8.O-O Bd6
9.Nc3 Ba6 10.Re1 O-O 11.Qc2 Nbd7 12.e4 dxe4 13.Nxe4 Bb7 14.Nfg5 Rb8 15.d5 exd5
16.Nxf6+ Nxf6 17.Bb2 Ne4 18.Nxe4 dxe4 19.Bxe4 Bxe4 20.Rxe4 Qd7 21.Rae1 Rfe8
22.Qc3 Bf8 23.Qe3 Rxe4 24.Qxe4 c5 25.Bc3 h6 26.h4 a6 27.Re2 Qb5 28.Re3 Rd8
29.Qg4 Qc6 30.Qe2 Qb5 31.Kh2 Qc6 32.Re4 Qb5 33.Bd2 Qc6 34.Rc4 Rd5 35.Be3 Qb5
36.Qc2 h5 37.Qe4 Qd7 38.Ra4 Qc6 39.Ra5 Rd6 40.Qxc6 Rxc6 41.Kg2 f6 42.Kf3 Kf7
43.Ra4 Be7 44.Rc4 Ke6 45.g4 hxg4+ 46.Rxg4 f5 47.Rxg7 Bxh4 48.Kf4 Kf6 49.Rg8 c4
50.Bd4+ Kf7 51.Rg7+ Kf8 52.Rh7 Be7 53.Rh3 Bb4 54.Bc3 Bc5 55.b4 Bxf2 56.Kxf5 Ke8
57.Ke5 Kd7 58.Kd5 Rd6+ 59.Kxc4 Kc6 60.Rf3 Bb6 61.a4 Rd7 62.Be5 Kb7 63.Rg3 Bc7
64.Rg7 Rxg7 65.Bxg7 Bd6 66.b5 axb5+ 67.axb5 Bc7 68.b6 Kxb6  1/2-1/2